Textbook of Nutrition and Dietetics (Record no. 1728)

MARC details
000 -LEADER
Fixed length control field 00544nam a22002057a 4500
003 - CONTROL NUMBER IDENTIFIER
Control field IIN
005 - DATE AND TIME OF LATEST TRANSACTION
Control field 20251103163056.0
008 - FIXED-LENGTH DATA ELEMENTS--GENERAL INFORMATION
Fixed length control field 250403b |||adf|| |||| 000 0 eng d
020 ## - INTERNATIONAL STANDARD BOOK NUMBER / ISBN
International Standard Book Number 9789390619948
Price Rs.425.00
040 ## - CATALOGING SOURCE
Original cataloging agency IIN
100 ## - MAIN ENTRY--PERSONAL NAME
Personal name Sharma, Monika
245 ## - TITLE STATEMENT
Title Textbook of Nutrition and Dietetics
Sub title for BSc Nursing Students
Statement of responsibility Monika Sharma
250 ## - EDITION STATEMENT
Edition statement 3rd ed.
260 ## - IMPRINT
Place of publication New Delhi
Name of publisher CBSPD
Date of publication 2022
300 ## - PHYSICAL DESCRIPTION
Page / Vol. No xxxvi, 346 p.
Other physical details col. ill.
500 ## - GENERAL NOTE
General note Includes Index
650 ## - SUBJECT ADDED ENTRY--TOPICAL TERM
Topical term Nutrition
650 ## - SUBJECT ADDED ENTRY--TOPICAL TERM
Topical term Dietetics
942 ## - ADDED ENTRY ELEMENTS (KOHA)
Koha item type Books
Holdings
Withdrawn status Lost status Source of classification Damaged status Not for loan Collection code Home library Current library Shelving location Date acquired Price Total Checkouts Call number Accession number Date last seen Price effective from Koha item type
    Dewey Decimal Classification     Purches Book IDEAL INSTITUTE OF NURSING IDEAL INSTITUTE OF NURSING General Stacks 11/03/2025 425.00   613.2 SHA 1837 03/04/2025 03/04/2025 Books
© Ideal Institute Of Nursing, All rights reserved.         Powered by Koha